[Event "CRO-ch U15"]
[Site "Trogir"]
[Date "2024.06.27"]
[Round "8"]
[White "Pehar, Borna"]
[Black "Tadic, Jure"]
[Result "1-0"]
[WhiteElo "2011"]
[BlackElo "1932"]
[PlyCount "101"]
[EventDate "2024.06.23"]
[EventType "swiss"]
[EventRounds "9"]
[EventCountry "CRO"]
[SourceTitle "EXT 2025"]
[Source "ChessBase"]
[SourceDate "2024.10.14"]
[SourceVersion "1"]
[SourceVersionDate "2024.10.14"]
[SourceQuality "1"]

1. e4 c5 2. Nf3 d6 3. d4 cxd4 4. Nxd4 Nf6 5. Nc3 a6 6. Be3 e6 7. a4 Be7 8. Be2 0-0 9. 0-0 Qc7 10. Qd2 Nc6 11. h3 Bd7 12. Rad1 Rac8 13. g4 d5 14. Nxc6 Bxc6 15. e5 Nd7 16. f4 Bc5 17. Bxc5 Nxc5 18. Qd4 Ne4 19. Nxe4 dxe4 20. b3 Rfd8 21. Qc5 Rd5 22. Rxd5 Bxd5 23. Qxc7 Rxc7 24. c4 Bc6 25. Rd1 Rd7 26. Rxd7 Bxd7 27. a5 f5 28. Kf2 Kf8 29. Ke3 Ke7 30. Kd4 Kd8 31. Kc5 Kc7 32. gxf5 exf5 33. Kd5 Bc6+ 34. Ke6 Bd7+ 35. Kd5 Bc6+ 36. Kd4 g5 37. fxg5 f4 38. Bg4 e3 39. Kd3 Kd8 40. h4 Ke7 41. Ke2 Kf7 42. Bf5 Kg7 43. h5 Be8 44. Bg4 Bc6 45. Bf5 Be8 46. Bg4 Bc6 47. b4 Kf7 48. Bf5 Kg7 49. h6+ Kg8 50. g6 Be8 51. Be6+ 1-0

[Event "CRO-ch U15"]
[Site "Trogir"]
[Date "2024.06.27"]
[Round "7"]
[White "Tadic, Jure"]
[Black "Gasparovic, Roko"]
[Result "1-0"]
[WhiteElo "1932"]
[BlackElo "1734"]
[PlyCount "93"]
[EventDate "2024.06.23"]
[EventType "swiss"]
[EventRounds "9"]
[EventCountry "CRO"]
[SourceTitle "EXT 2025"]
[Source "ChessBase"]
[SourceDate "2024.10.14"]
[SourceVersion "1"]
[SourceVersionDate "2024.10.14"]
[SourceQuality "1"]

1. e4 c5 2. Nf3 d6 3. d4 cxd4 4. Nxd4 Nf6 5. Nc3 a6 6. f3 e5 7. Nb3 Be6 8. Be3 Be7 9. Qd2 0-0 10. 0-0-0 Nbd7 11. g4 b5 12. g5 b4 13. Ne2 Ne8 14. f4 a5 15. f5 a4 16. fxe6 axb3 17. cxb3 fxe6 18. Bh3 Nc7 19. Kb1 d5 20. Bxe6+ Nxe6 21. Qxd5 Ra6 22. Qxd7 Qxd7 23. Rxd7 Bxg5 24. Bxg5 Nxg5 25. Ng3 Rf2 26. Rc1 Ra8 27. h4 Rf7 28. Rcc7 Rxd7 29. Rxd7 Nf7 30. Rb7 Rd8 31. Rxb4 g6 32. a4 Rd1+ 33. Kc2 Ra1 34. Rb8+ Kg7 35. Ra8 g5 36. h5 Nh6 37. b4 Rg1 38. Ne2 Re1 39. Ra7+ Kg8 40. Ng3 Rg1 41. Nf5 Nxf5 42. exf5 e4 43. Re7 Rg4 44. b5 Rf4 45. b6 Rxf5 46. b7 Rf8 47. Rc7 1-0

[Event "Vrsar Spring op"]
[Site "Vrsar"]
[Date "2024.04.01"]
[Round "4"]
[White "Tadic, Jure"]
[Black "Hamer, Ivan"]
[Result "0-1"]
[WhiteElo "1950"]
[BlackElo "1866"]
[PlyCount "130"]
[EventDate "2024.04.01"]
[EventType "swiss"]
[EventRounds "9"]
[EventCountry "CRO"]
[SourceTitle "CBM 219 Extra"]
[Source "ChessBase"]
[SourceDate "2024.05.31"]
[SourceVersion "1"]
[SourceVersionDate "2024.05.31"]
[SourceQuality "1"]

1. e4 e6 2. d4 d5 3. Nd2 Nf6 4. e5 Nfd7 5. Bd3 c5 6. c3 Nc6 7. Ne2 cxd4 8. cxd4 f6 9. exf6 Nxf6 10. 0-0 Bd6 11. Nf3 0-0 12. Bg5 Qc7 13. Bh4 e5 14. dxe5 Nxe5 15. Nxe5 Bxe5 16. Bg3 Bd7 17. Rc1 Bc6 18. Nd4 Bxg3 19. hxg3 Rae8 20. Bb5 Qa5 21. Bxc6 bxc6 22. Rxc6 Qxa2 23. Qc2 Ne4 24. Rc7 Qa6 25. Qb3 Qxf1+ 26. Kxf1 Nd2+ 27. Kg1 Nxb3 28. Nxb3 Re1+ 29. Kh2 Rxf2 30. Nd4 Re4 31. Nf3 h6 32. Rxa7 Rxb2 33. Rd7 Rb5 34. Kg1 Kf8 35. Kf2 Re7 36. Rd8+ Kf7 37. g4 Re4 38. Kg3 Ke7 39. Rg8 Kf7 40. Rd8 Re8 41. Rd6 g6 42. Kh4 Re4 43. Rd7+ Ke8 44. Rd6 h5 45. Rxg6 Rxg4+ 46. Rxg4 hxg4 47. Kxg4 Ke7 48. Kf4 Kf6 49. Ke3 Rb4 50. Nd4 Ra4 51. Nf3 Rg4 52. Kf2 Kf5 53. g3 Ra4 54. Ke3 Ra3+ 55. Ke2 Kg4 56. Ne5+ Kxg3 57. Nd3 d4 58. Nb4 Kf4 59. Nd5+ Ke5 60. Nb4 Ke4 61. Kd2 Rb3 62. Nc2 Rb2 63. Kc1 Rxc2+ 64. Kxc2 Ke3 65. Kd1 Kd3 0-1

[Event "CRO-ch U13"]
[Site "Trogir"]
[Date "2023.06.25"]
[Round "7"]
[White "Tadic, Jure"]
[Black "Kaselic, Noa"]
[Result "1-0"]
[WhiteElo "1830"]
[BlackElo "1373"]
[PlyCount "115"]
[EventDate "2023.06.21"]
[EventType "swiss"]
[EventRounds "9"]
[EventCountry "CRO"]
[SourceTitle "EXT 2024"]
[Source "ChessBase"]
[SourceDate "2023.10.10"]
[SourceVersion "1"]
[SourceVersionDate "2023.10.10"]
[SourceQuality "1"]

1. e4 c5 2. Nf3 Nc6 3. d4 cxd4 4. Nxd4 Nf6 5. Nc3 e5 6. Ndb5 d6 7. Bg5 a6 8. Na3 b5 9. Nd5 Be7 10. Bxf6 Bxf6 11. c3 0-0 12. Nc2 Bg5 13. h4 Bh6 14. g4 Bf4 15. Qf3 Rb8 16. Be2 Re8 17. Rd1 Bb7 18. Nce3 Bxe3 19. Qxe3 Ne7 20. Bd3 Nxd5 21. exd5 e4 22. Bxe4 Qe7 23. f3 Qe5 24. Kf2 g6 25. h5 f5 26. gxf5 gxf5 27. Qg5+ Kh8 28. Qxf5 Qxf5 29. Bxf5 Re5 30. Be6 Rf8 31. h6 Bc8 32. Rde1 Rg5 33. Rh4 Rg6 34. Bxc8 Rxc8 35. Re6 Rcg8 36. Rxg6 hxg6 37. Ke3 g5 38. Re4 Kh7 39. Re6 Rd8 40. Ke4 Rd7 41. Kf5 Rf7+ 42. Rf6 Re7 43. Rxd6 Re3 44. Kxg5 Rxf3 45. Rd7+ Kh8 46. Kg6 Rg3+ 47. Kf6 Rf3+ 48. Ke6 Re3+ 49. Kd6 Re2 50. b4 Rxa2 51. Rc7 Rg2 52. Kc6 Rg6+ 53. d6 Rxh6 54. Re7 Kg8 55. Kc7 Kf8 56. Re5 Rh3 57. d7 Rxc3+ 58. Rc5 1-0

[Event "EU-ch Amateur U1700"]
[Site "Zagreb"]
[Date "2022.08.20"]
[Round "8"]
[White "Soelkner, Julian"]
[Black "Tadic, Jure"]
[Result "1-0"]
[WhiteElo "1620"]
[BlackElo "1551"]
[PlyCount "47"]
[EventDate "2022.08.14"]
[EventType "swiss"]
[EventRounds "9"]
[EventCountry "CRO"]
[SourceTitle "CBM 210 Extra"]
[Source "ChessBase"]
[SourceDate "2022.11.30"]
[SourceVersion "1"]
[SourceVersionDate "2022.11.30"]
[SourceQuality "1"]

1. e4 e5 2. Nf3 Nc6 3. c3 Nf6 4. d4 Nxe4 5. d5 Ne7 6. Nxe5 d6 7. Bb5+ c6 8. dxc6 bxc6 9. Nxc6 Qb6 10. Nd4+ Bd7 11. Bxd7+ Kxd7 12. 0-0 g6 13. Nd2 Nxd2 14. Qxd2 Bg7 15. Re1 Rhe8 16. Qf4 f5 17. Qf3 Bxd4 18. cxd4 Rac8 19. Bg5 Nc6 20. Qd5 Rxe1+ 21. Rxe1 Rf8 22. Re6 Qc7 23. Bf4 Ne5 24. dxe5 1-0

[Event "EU-ch Amateur U1700"]
[Site "Zagreb"]
[Date "2022.08.19"]
[Round "7"]
[White "Tadic, Jure"]
[Black "Pazarcioglu, Ilker"]
[Result "0-1"]
[WhiteElo "1551"]
[BlackElo "1428"]
[PlyCount "74"]
[EventDate "2022.08.14"]
[EventType "swiss"]
[EventRounds "9"]
[EventCountry "CRO"]
[SourceTitle "CBM 210 Extra"]
[Source "ChessBase"]
[SourceDate "2022.11.30"]
[SourceVersion "1"]
[SourceVersionDate "2022.11.30"]
[SourceQuality "1"]

1. e4 c5 2. Nf3 d6 3. d4 cxd4 4. Nxd4 Nf6 5. Nc3 a6 6. f3 e5 7. Nb3 Be7 8. Be3 Be6 9. Qd2 Nbd7 10. 0-0-0 b5 11. g4 b4 12. Nd5 Bxd5 13. exd5 Nb6 14. Qxb4 Nfxd5 15. Bxb6 Nxb6 16. Qe4 Qc7 17. f4 0-0 18. Bd3 g6 19. h4 d5 20. Qxe5 Bd6 21. Qe2 Bxf4+ 22. Kb1 Rfe8 23. Qg2 Be5 24. h5 g5 25. Qf3 Na4 26. c3 Nxb2 27. Bxh7+ Kxh7 28. Kxb2 Rac8 29. Rh3 d4 30. Qd3+ Kh6 31. cxd4 Bf4 32. Ka1 Qb6 33. Nc5 Rxc5 34. Rf3 Rb8 35. Rf2 Rc1+ 36. Rxc1 Bxc1 37. Qc3 Qb1# 0-1

[Event "EU-chT U12"]
[Site "Thessaloniki"]
[Date "2022.07.18"]
[Round "7.1"]
[White "Tadic, Jure"]
[Black "Weber, Yonatan"]
[Result "1/2-1/2"]
[WhiteElo "1571"]
[BlackElo "1682"]
[PlyCount "69"]
[EventDate "2022.07.12"]
[EventType "team-swiss"]
[EventRounds "7"]
[EventCountry "GRE"]
[SourceTitle "EXT 2023"]
[Source "ChessBase"]
[SourceDate "2022.10.05"]
[SourceVersion "1"]
[SourceVersionDate "2022.10.05"]
[SourceQuality "1"]
[WhiteTeam "Croatia U12"]
[BlackTeam "Rishon Le Zion U12"]
[WhiteTeamCountry "CRO"]
[BlackTeamCountry "ISR"]

1. e4 c5 2. Nf3 Nc6 3. d4 cxd4 4. Nxd4 Nf6 5. Nc3 d6 6. f3 e5 7. Nb3 Be7 8. Be3 0-0 9. Qd2 a5 10. Bb5 Be6 11. Rd1 Qc7 12. Qf2 Nd7 13. Nd5 Bxd5 14. exd5 Ncb8 15. a4 f5 16. f4 Nc5 17. Nxc5 dxc5 18. 0-0 e4 19. c4 b6 20. b3 Nd7 21. Rfe1 Nf6 22. h3 Bd6 23. Rf1 Qf7 24. Bd2 Ra7 25. Qe3 Qg6 26. Be1 Qh5 27. Rd2 h6 28. Bg3 Nh7 29. Rdf2 Raf7 30. Bh2 Rf6 31. Bd7 Kh8 32. Be6 Bb8 33. Kh1 Bd6 34. Kg1 Bb8 35. Kh1 1/2-1/2

[Event "EU-chT U12"]
[Site "Thessaloniki"]
[Date "2022.07.13"]
[Round "2.1"]
[White "Ivanov, Andrey7"]
[Black "Tadic, Jure"]
[Result "1-0"]
[WhiteElo "1515"]
[BlackElo "1571"]
[PlyCount "55"]
[EventDate "2022.07.12"]
[EventType "team-swiss"]
[EventRounds "7"]
[EventCountry "GRE"]
[SourceTitle "EXT 2023"]
[Source "ChessBase"]
[SourceDate "2022.10.05"]
[SourceVersion "1"]
[SourceVersionDate "2022.10.05"]
[SourceQuality "1"]
[WhiteTeam "Macedonia U12"]
[BlackTeam "Croatia U12"]
[WhiteTeamCountry "MKD"]
[BlackTeamCountry "CRO"]

1. d4 Nf6 2. Nf3 e6 3. e3 d5 4. Bd3 Be7 5. b3 0-0 6. Bb2 b6 7. Nbd2 c5 8. Qe2 Nc6 9. c4 Bb7 10. a3 Qc7 11. Ne5 Rfd8 12. cxd5 exd5 13. 0-0 Rac8 14. f4 Bf8 15. Ndf3 Ne4 16. Bxe4 dxe4 17. Ng5 Nxe5 18. fxe5 Bd5 19. Rf4 Qb7 20. Raf1 Rc7 21. Nxh7 Rc6 22. Nf6+ gxf6 23. Qg4+ Kh7 24. Qh5+ Bh6 25. Rxf6 Rxf6 26. Rxf6 Kg7 27. Qxh6+ Kg8 28. Rf5 1-0

[Event "CRO-ch U13"]
[Site "Trogir"]
[Date "2022.06.26"]
[Round "7"]
[White "Tadic, Jure"]
[Black "Petrus, Adrian"]
[Result "1-0"]
[WhiteElo "1596"]
[BlackElo "1537"]
[PlyCount "79"]
[EventDate "2022.06.22"]
[EventType "swiss"]
[EventRounds "9"]
[EventCountry "CRO"]
[SourceTitle "CBM 209 Extra"]
[Source "ChessBase"]
[SourceDate "2022.09.30"]
[SourceVersion "1"]
[SourceVersionDate "2022.09.30"]
[SourceQuality "1"]

1. e4 c5 2. Nf3 d6 3. d4 cxd4 4. Nxd4 Nf6 5. Nc3 a6 6. f3 e5 7. Nb3 h5 8. Be3 Be6 9. Nd5 Bxd5 10. exd5 Nbd7 11. Qd2 g6 12. Be2 Bg7 13. 0-0 b6 14. c4 0-0 15. Rae1 a5 16. Qd1 Qc7 17. Kh1 a4 18. Nd2 Nc5 19. Qb1 b5 20. Ne4 Ncxe4 21. fxe4 bxc4 22. Rc1 Qb7 23. Bxc4 Rfb8 24. b3 Ng4 25. Bg1 axb3 26. Bxb3 Qe7 27. h3 Nf6 28. Be3 Rb4 29. Bg5 Raa4 30. Qd3 Rxe4 31. Bxa4 Rxa4 32. Qf3 e4 33. Bxf6 exf3 34. Bxe7 fxg2+ 35. Kxg2 Rxa2+ 36. Rf2 Ra5 37. Rd2 Be5 38. Rc6 Bf4 39. Bf6 g5 40. Rd4 1-0

[Event "CRO-ch U13"]
[Site "Trogir"]
[Date "2022.06.23"]
[Round "3"]
[White "Tadic, Jure"]
[Black "Radalj, Niko"]
[Result "1/2-1/2"]
[WhiteElo "1596"]
[BlackElo "1179"]
[PlyCount "60"]
[EventDate "2022.06.22"]
[EventType "swiss"]
[EventRounds "9"]
[EventCountry "CRO"]
[SourceTitle "CBM 209 Extra"]
[Source "ChessBase"]
[SourceDate "2022.09.30"]
[SourceVersion "1"]
[SourceVersionDate "2022.09.30"]
[SourceQuality "1"]

1. e4 c5 2. Nf3 d6 3. d4 cxd4 4. Nxd4 Nf6 5. Nc3 a6 6. f3 e5 7. Nb3 Be6 8. Be3 h5 9. Nd5 Bxd5 10. exd5 Nbd7 11. Qd2 g6 12. Be2 Bg7 13. 0-0 b6 14. c4 0-0 15. Bh6 a5 16. Bxg7 Kxg7 17. f4 exf4 18. Qxf4 Qe7 19. Rae1 Ne5 20. Nd4 Rac8 21. Qg5 Qd8 22. Nf5+ Kg8 23. Nxd6 Qxd6 24. Rxf6 Qc5+ 25. Kh1 Rce8 26. Rg1 Nd7 27. Rc6 Qf2 28. Bd3 Ne5 29. Bxg6 Nxg6 30. Rxg6+ fxg6 1/2-1/2

[Event "Wch U12 rapid"]
[Site "Rhodes"]
[Date "2022.05.01"]
[Round "4"]
[White "Shevchenko, Yaroslav"]
[Black "Tadic, Jure"]
[Result "1/2-1/2"]
[WhiteElo "1827"]
[BlackElo "1453"]
[PlyCount "138"]
[EventDate "2022.05.01"]
[EventType "swiss (rapid)"]
[EventRounds "9"]
[EventCountry "GRE"]
[SourceTitle "CBM 208 Extra"]
[Source "ChessBase"]
[SourceDate "2022.07.31"]
[SourceVersion "1"]
[SourceVersionDate "2022.07.31"]
[SourceQuality "1"]

1. d4 Nf6 2. c4 Nc6 3. Nf3 e6 4. Nc3 Bb4 5. Qc2 d6 6. a3 Bxc3+ 7. bxc3 0-0 8. Bg5 Qe7 9. e3 e5 10. Be2 Bg4 11. 0-0 Bh5 12. Nxe5 Nxe5 13. Bxh5 Nxc4 14. Be2 Nb6 15. Qf5 Qe4 16. Bd3 Qxf5 17. Bxf5 Nbd7 18. Rfb1 b6 19. a4 a5 20. c4 h6 21. Bxf6 Nxf6 22. c5 g6 23. Bc2 dxc5 24. dxc5 bxc5 25. Rb5 Nd7 26. Be4 Ra6 27. Rd1 Rd6 28. Rxd6 cxd6 29. Bc6 Ne5 30. Bd5 c4 31. f4 c3 32. Rb3 Rc8 33. Be4 c2 34. Bxc2 Rxc2 35. fxe5 dxe5 36. Rb5 e4 37. Rxa5 Re2 38. Re5 Rxe3 39. Kf2 Ra3 40. Rxe4 f5 41. Rb4 Kf7 42. h4 g5 43. h5 f4 44. Ke2 Kg7 45. Rb7+ Kf6 46. Rb6+ Kg7 47. Rg6+ Kf7 48. Rxh6 Rxa4 49. Rg6 Ra5 50. Kf3 Ra3+ 51. Kf2 Ra5 52. Kg1 Rd5 53. Kh2 Ra5 54. Rb6 g4 55. h6 Kg8 56. Rg6+ Kh7 57. Rxg4 Kxh6 58. Rxf4 Kg5 59. Rb4 Ra3 60. g3 Kf5 61. Kh3 Kg5 62. Rb5+ Kg6 63. Kh4 Ra6 64. g4 Rc6 65. Rg5+ Kh6 66. Rg8 Kh7 67. Rd8 Kg6 68. Rg8+ Kh7 69. Rg5 Kh6 1/2-1/2

[Event "CRO-ch U11"]
[Site "Trogir"]
[Date "2021.06.19"]
[Round "1"]
[White "Fresl, Marin"]
[Black "Tadic, Jure"]
[Result "0-1"]
[WhiteElo "1676"]
[BlackElo "1374"]
[PlyCount "94"]
[EventDate "2021.06.19"]
[EventType "swiss"]
[EventRounds "9"]
[EventCountry "CRO"]
[SourceTitle "EXT 2022"]
[Source "ChessBase"]
[SourceDate "2021.10.06"]
[SourceVersion "1"]
[SourceVersionDate "2021.10.06"]
[SourceQuality "1"]

1. d4 Nf6 2. Nc3 d5 3. Bf4 e6 4. Nf3 Bd6 5. e3 0-0 6. Bd3 b6 7. 0-0 c5 8. dxc5 bxc5 9. e4 Bxf4 10. e5 Nfd7 11. g3 Bxe5 12. Nxe5 Nxe5 13. Qh5 Nxd3 14. cxd3 Nd7 15. Nd1 Bb7 16. Ne3 Nf6 17. Qe5 d4 18. Nc2 Qd5 19. Qxd5 Bxd5 20. b4 cxb4 21. Nxb4 Rab8 22. Rab1 Rb6 23. Nxd5 Nxd5 24. f4 Rfb8 25. Rxb6 Rxb6 26. f5 Ne3 27. Rc1 h6 28. fxe6 fxe6 29. Rc8+ Kf7 30. Rc7+ Kf6 31. Rxa7 Rb1+ 32. Kf2 Rf1+ 33. Ke2 Rb1 34. Ra4 e5 35. Ra6+ Kf5 36. a4 g5 37. Ra8 Rb2+ 38. Ke1 e4 39. Rf8+ Kg4 40. dxe4 d3 41. Rf2 Rxf2 42. Kxf2 d2 43. Kxe3 d1Q 44. a5 Qa4 45. e5 Qxa5 46. Ke4 Qd8 47. e6 Qd6 0-1

[Event "CRO-ch U11"]
[Site "Trogir"]
[Date "2021.06.19"]
[Round "2"]
[White "Tadic, Jure"]
[Black "Apostolovski, Filip"]
[Result "1-0"]
[WhiteElo "1374"]
[BlackElo "1818"]
[PlyCount "51"]
[EventDate "2021.06.19"]
[EventType "swiss"]
[EventRounds "9"]
[EventCountry "CRO"]
[SourceTitle "EXT 2022"]
[Source "ChessBase"]
[SourceDate "2021.10.06"]
[SourceVersion "1"]
[SourceVersionDate "2021.10.06"]
[SourceQuality "1"]

1. e4 c5 2. Nf3 d6 3. d4 cxd4 4. Nxd4 Nf6 5. Nc3 a6 6. f3 e6 7. Be3 Be7 8. Qd2 Nbd7 9. g4 Ne5 10. 0-0-0 Qc7 11. h4 b5 12. h5 h6 13. Kb1 Bd7 14. Qf2 b4 15. Nce2 a5 16. Ng3 a4 17. Qe1 Rc8 18. Rc1 d5 19. Bf4 Bd6 20. Nb5 Bxb5 21. Bxb5+ Nfd7 22. exd5 Nxf3 23. Bxd6 Qxd6 24. Qf2 Qxd5 25. Bxd7+ Kxd7 26. Rhd1 1-0

[Event "CRO-ch U11"]
[Site "Trogir"]
[Date "2020.08.24"]
[Round "2"]
[White "Tadic, Jure"]
[Black "Radalj, Niko"]
[Result "1/2-1/2"]
[WhiteElo "1461"]
[BlackElo "1077"]
[PlyCount "59"]
[EventDate "2020.08.24"]
[EventType "swiss"]
[EventRounds "9"]
[EventCountry "CRO"]
[SourceTitle "CBM 198 Extra"]
[Source "ChessBase"]
[SourceDate "2020.11.30"]
[SourceVersion "1"]
[SourceVersionDate "2020.11.30"]
[SourceQuality "1"]

1. e4 c5 2. Nc3 d6 3. g3 e6 4. Bg2 Nf6 5. d3 h6 6. h3 Be7 7. Be3 Nbd7 8. Nge2 a6 9. 0-0 b5 10. e5 Nd5 11. Nxd5 exd5 12. Bxd5 Rb8 13. exd6 Bxd6 14. Bg2 0-0 15. Qd2 Be5 16. d4 cxd4 17. Bxd4 Nf6 18. Qe3 Bxd4 19. Qxd4 Qe7 20. Rfe1 Rd8 21. Qf4 Bb7 22. Nd4 Qc5 23. c3 Bxg2 24. Kxg2 b4 25. Rac1 bxc3 26. bxc3 Rb2 27. Re2 Rxa2 28. Rxa2 Qd5+ 29. Kg1 Qxa2 30. Qf3 1/2-1/2